Извлечение растворённых углеводородов нефти методом адсорбции; Химия и химическая технология в XXI веке

Dades bibliogràfiques
Parent link:Химия и химическая технология в XXI веке.— 2009.— С. 213-214
Autor principal: Грищенко А. Г.
Altres autors: Погодаева Н. И. (научный руководитель)
Idioma:rus
Publicat: 2009
Matèries:
Format: MixedMaterials Capítol de llibre
KOHA link:https://koha.lib.tpu.ru/cgi-bin/koha/opac-detail.pl?biblionumber=172978

MARC

LEADER 00000naa2a2200000 4500
001 172978
005 20231031164407.0
035 |a (RuTPU)RU\TPU\book\187634 
090 |a 172978 
100 |a 20091217d2009 k y0rusy50 ca 
101 0 |a rus 
102 |a RU 
200 1 |a Извлечение растворённых углеводородов нефти методом адсорбции  |f А. Г. Грищенко  |g науч. рук. Н. И. Погодаева 
320 |a Библиогр.: 3 назв. 
463 0 |0 (RuTPU)RU\TPU\book\176321  |t Химия и химическая технология в XXI веке  |o X Юбилейная всероссийская научно-практическая конференция студентов и аспирантов, г. Томск, 13-15 мая 2009 г.  |f Томский политехнический университет (ТПУ) ; Химия и химическая технология в XXI веке  |v С. 213-214  |d 2009  |p 322 с. 
610 1 |a нефть 
610 1 |a растворённые углеводороды 
610 1 |a адсорбция 
610 1 |a нефтепродукты 
610 1 |a загрязнение 
610 1 |a сорбенты 
610 1 |a извлечение 
610 1 |a Лугинецкое месторождение 
610 1 |a труды учёных ТПУ 
700 1 |a Грищенко  |b А. Г. 
702 1 |a Погодаева  |b Н. И.  |4 727 
801 1 |a RU  |b 63413507  |c 20091217 
942 |c BK